000 00311nam a22001337a 4500
008 170627b xxu||||| |||| 00| 0 eng d
020 _a9780205674596
041 _aeng
080 _25TH
_a05
100 _a21
101 _aGJL
245 _aA BRIEF GUIDE TO WRITING FROM READINGS
_cWILHOIT,S
942 _2udc
_cBK
999 _c19224
_d19224